<?xml version="1.0" encoding="UTF-8"?>
<record
    xmlns:xsi="http://www.w3.org/2001/XMLSchema-instance"
    xsi:schemaLocation="http://www.loc.gov/MARC21/slim http://www.loc.gov/standards/marcxml/schema/MARC21slim.xsd"
    xmlns="http://www.loc.gov/MARC21/slim">

  <leader>01901namaa2200421 i 4500</leader>
  <controlfield tag="003">EG-GICUC</controlfield>
  <controlfield tag="005">20260613134801.0</controlfield>
  <controlfield tag="008">260613s2005    ua  |||jr|||| 000 p ara d</controlfield>
  <datafield tag="017" ind1=" " ind2=" ">
    <subfield code="a">2005 / 10244 (v.1)</subfield>
    <subfield code="b">&#x62F;&#x627;&#x631; &#x627;&#x644;&#x643;&#x62A;&#x628; &#x648;&#x627;&#x644;&#x648;&#x62B;&#x627;&#x626;&#x642; &#x627;&#x644;&#x642;&#x648;&#x645;&#x64A;&#x629; (&#x645;&#x635;&#x631;)</subfield>
  </datafield>
  <datafield tag="017" ind1=" " ind2=" ">
    <subfield code="a">2005 / 23813 (v.2)</subfield>
    <subfield code="b">&#x62F;&#x627;&#x631; &#x627;&#x644;&#x643;&#x62A;&#x628; &#x648;&#x627;&#x644;&#x648;&#x62B;&#x627;&#x626;&#x642; &#x627;&#x644;&#x642;&#x648;&#x645;&#x64A;&#x629; (&#x645;&#x635;&#x631;)</subfield>
  </datafield>
  <datafield tag="020" ind1=" " ind2=" ">
    <subfield code="a">9773058204 (v.1)</subfield>
  </datafield>
  <datafield tag="040" ind1=" " ind2=" ">
    <subfield code="a">EG-GiCUC</subfield>
    <subfield code="b">ara</subfield>
    <subfield code="c">EG-GiCUC</subfield>
    <subfield code="d">EG-GiCUC</subfield>
    <subfield code="e">rda</subfield>
  </datafield>
  <datafield tag="043" ind1=" " ind2=" ">
    <subfield code="a">e-sp---</subfield>
  </datafield>
  <datafield tag="082" ind1="0" ind2="4">
    <subfield code="2">21</subfield>
    <subfield code="a">861.008 </subfield>
    <subfield code="b">M9539m</subfield>
  </datafield>
  <datafield tag="092" ind1="0" ind2="4">
    <subfield code="2">21</subfield>
    <subfield code="a">861.008 </subfield>
    <subfield code="b">M9539m</subfield>
  </datafield>
  <datafield tag="099" ind1=" " ind2=" ">
    <subfield code="a">861.008 M9539m</subfield>
  </datafield>
  <datafield tag="100" ind1="1" ind2=" ">
    <subfield code="e">&#x645;&#x624;&#x644;&#x641;.</subfield>
  </datafield>
  <datafield tag="245" ind1=" " ind2=" ">
    <subfield code="a">&#x645;&#x62E;&#x62A;&#x627;&#x631;&#x627;&#x62A; &#x645;&#x646; &#x627;&#x644;&#x634;&#x639;&#x631; &#x627;&#x644;&#x625;&#x633;&#x628;&#x627;&#x646;&#x649; /</subfield>
    <subfield code="c">&#x62A;&#x631;&#x62C;&#x645;&#x629; &#x648;&#x62A;&#x642;&#x62F;&#x64A;&#x645; &#x639;&#x644;&#x649; &#x639;&#x628;&#x62F; &#x627;&#x644;&#x631;&#x621;&#x648;&#x641; &#x627;&#x644;&#x628;&#x645;&#x628;&#x649; &#x61B; &#x645;&#x631;&#x627;&#x62C;&#x639;&#x629; &#x635;&#x644;&#x627;&#x62D; &#x641;&#x636;&#x644;.</subfield>
  </datafield>
  <datafield tag="250" ind1=" " ind2=" ">
    <subfield code="a">&#x627;&#x644;&#x637;&#x628;&#x639;&#x629; &#x627;&#x644;&#x627;&#x648;&#x644;&#x649;</subfield>
  </datafield>
  <datafield tag="264" ind1=" " ind2=" ">
    <subfield code="a">&#x627;&#x644;&#x642;&#x627;&#x647;&#x631;&#x629; (&#x645;&#x635;&#x631;) :</subfield>
    <subfield code="b">&#x627;&#x644;&#x645;&#x62C;&#x644;&#x633; &#x627;&#x644;&#x623;&#x639;&#x644;&#x649; &#x644;&#x644;&#x62B;&#x642;&#x627;&#x641;&#x629;&#x60C;</subfield>
    <subfield code="c">2005.</subfield>
  </datafield>
  <datafield tag="300" ind1=" " ind2=" ">
    <subfield code="a">&#x645;&#x62C;&#x644;&#x62F; 2</subfield>
    <subfield code="b">&#x61B; </subfield>
    <subfield code="c">20 &#x633;&#x645;</subfield>
  </datafield>
  <datafield tag="336" ind1=" " ind2=" ">
    <subfield code="2">rdacontent</subfield>
    <subfield code="a">text</subfield>
  </datafield>
  <datafield tag="337" ind1=" " ind2=" ">
    <subfield code="2">rdamedia</subfield>
    <subfield code="a">Unmediated</subfield>
  </datafield>
  <datafield tag="338" ind1=" " ind2=" ">
    <subfield code="2">rdacarrier</subfield>
    <subfield code="a">volume</subfield>
  </datafield>
  <datafield tag="490" ind1=" " ind2=" ">
    <subfield code="a">&#x627;&#x644;&#x645;&#x634;&#x631;&#x648;&#x639; &#x627;&#x644;&#x642;&#x648;&#x645;&#x649; &#x644;&#x644;&#x62A;&#x631;&#x62C;&#x645;&#x629; &#x61B;</subfield>
    <subfield code="v">953</subfield>
  </datafield>
  <datafield tag="490" ind1=" " ind2=" ">
    <subfield code="a">&#x627;&#x644;&#x645;&#x634;&#x631;&#x648;&#x639; &#x627;&#x644;&#x642;&#x648;&#x645;&#x649; &#x644;&#x644;&#x62A;&#x631;&#x62C;&#x645;&#x629; &#x61B;</subfield>
    <subfield code="v">795</subfield>
  </datafield>
  <datafield tag="504" ind1=" " ind2=" ">
    <subfield code="a">&#x64A;&#x634;&#x62A;&#x645;&#x644; &#x639;&#x644;&#x649; &#x627;&#x631;&#x62C;&#x627;&#x639;&#x627;&#x62A; &#x628;&#x628;&#x644;&#x64A;&#x648;&#x62C;&#x631;&#x627;&#x641;&#x64A;&#x629; &#x648;&#x647;&#x648;&#x627;&#x645;&#x634;.</subfield>
  </datafield>
  <datafield tag="505" ind1=" " ind2=" ">
    <subfield code="a">&#x627;&#x644;&#x645;&#x62C;&#x644;&#x62F; &#x627;&#x644;&#x627;&#x648;&#x644;. &#x645;&#x646; &#x627;&#x644;&#x639;&#x635;&#x648;&#x631; &#x627;&#x644;&#x648;&#x633;&#x637;&#x649; &#x625;&#x627;&#x644;&#x649; &#x627;&#x644;&#x639;&#x635;&#x631; &#x627;&#x644;&#x62D;&#x62F;&#x64A;&#x62B; -- &#x627;&#x644;&#x645;&#x62C;&#x644;&#x62F; &#x627;&#x644;&#x62B;&#x627;&#x646;&#x649;. &#x627;&#x644;&#x639;&#x635;&#x631; &#x627;&#x644;&#x62D;&#x62F;&#x64A;&#x62B;</subfield>
  </datafield>
  <datafield tag="541" ind1=" " ind2=" ">
    <subfield code="a">&#x648;&#x632;&#x627;&#x631;&#x629; &#x627;&#x644;&#x62B;&#x642;&#x627;&#x641;&#x629; &#x61B;</subfield>
    <subfield code="b">&#x627;&#x644;&#x642;&#x627;&#x647;&#x631;&#x629; &#x61B;</subfield>
    <subfield code="c">&#x625;&#x647;&#x62F;&#x627;&#x621; &#x61B;</subfield>
    <subfield code="d">2023.</subfield>
  </datafield>
  <datafield tag="650" ind1="1" ind2="7">
    <subfield code="a">&#x627;&#x644;&#x634;&#x639;&#x631; &#x627;&#x644;&#x627;&#x633;&#x628;&#x627;&#x646;&#x649;</subfield>
    <subfield code="x">&#x645;&#x62C;&#x645;&#x648;&#x639;&#x627;&#x62A;</subfield>
    <subfield code="2">qrmak</subfield>
  </datafield>
  <datafield tag="650" ind1="1" ind2="7">
    <subfield code="a">&#x627;&#x644;&#x634;&#x639;&#x631; &#x627;&#x644;&#x627;&#x633;&#x628;&#x627;&#x646;&#x649;</subfield>
    <subfield code="x">&#x62F;&#x648;&#x627;&#x648;&#x64A;&#x646; &#x648;&#x642;&#x635;&#x627;&#x626;&#x62F;</subfield>
    <subfield code="2">qrmak</subfield>
  </datafield>
  <datafield tag="650" ind1="1" ind2="7">
    <subfield code="a">&#x627;&#x644;&#x627;&#x62F;&#x628; &#x627;&#x644;&#x627;&#x633;&#x628;&#x627;&#x646;&#x649;</subfield>
    <subfield code="2">qrmak</subfield>
  </datafield>
  <datafield tag="651" ind1="1" ind2=" ">
    <subfield code="2">qrmak</subfield>
  </datafield>
  <datafield tag="700" ind1="1" ind2=" ">
    <subfield code="a">&#x627;&#x644;&#x628;&#x645;&#x628;&#x649;&#x60C; &#x639;&#x644;&#x649; &#x639;&#x628;&#x62F; &#x627;&#x644;&#x631;&#x621;&#x648;&#x641;</subfield>
    <subfield code="e">&#x645;&#x62A;&#x631;&#x62C;&#x645;.</subfield>
    <subfield code="e">&#x645;&#x642;&#x62F;&#x645;.</subfield>
  </datafield>
  <datafield tag="700" ind1="1" ind2=" ">
    <subfield code="a">&#x641;&#x636;&#x644;&#x60C; &#x635;&#x644;&#x627;&#x62D;</subfield>
    <subfield code="e">&#x645;&#x631;&#x627;&#x62C;&#x639;.</subfield>
  </datafield>
  <datafield tag="905" ind1=" " ind2=" ">
    <subfield code="a">Aya</subfield>
  </datafield>
  <datafield tag="942" ind1=" " ind2=" ">
    <subfield code="2">ddc</subfield>
    <subfield code="c">BK</subfield>
    <subfield code="e">21</subfield>
    <subfield code="n">0</subfield>
  </datafield>
  <datafield tag="999" ind1=" " ind2=" ">
    <subfield code="c">180514</subfield>
    <subfield code="d">180514</subfield>
  </datafield>
  <datafield tag="952" ind1=" " ind2=" ">
    <subfield code="0">0</subfield>
    <subfield code="1">0</subfield>
    <subfield code="2">ddc</subfield>
    <subfield code="4">0</subfield>
    <subfield code="7">1</subfield>
    <subfield code="a">CUCL</subfield>
    <subfield code="b">cl222</subfield>
    <subfield code="d">2026-06-13</subfield>
    <subfield code="i">170292</subfield>
    <subfield code="l">0</subfield>
    <subfield code="o">861.008 M9539m v.1 c.1</subfield>
    <subfield code="p">01000100170292001</subfield>
    <subfield code="r">2026-06-13 11:10:15</subfield>
    <subfield code="t">v.1 C.1</subfield>
    <subfield code="w">2026-06-13</subfield>
    <subfield code="y">BK</subfield>
  </datafield>
  <datafield tag="952" ind1=" " ind2=" ">
    <subfield code="0">0</subfield>
    <subfield code="1">0</subfield>
    <subfield code="2">ddc</subfield>
    <subfield code="4">0</subfield>
    <subfield code="7">1</subfield>
    <subfield code="a">CUCL</subfield>
    <subfield code="b">cl222</subfield>
    <subfield code="d">2026-06-13</subfield>
    <subfield code="i">170292</subfield>
    <subfield code="l">0</subfield>
    <subfield code="o">861.008 M9539m v.2 c.1</subfield>
    <subfield code="p">01000100170292002</subfield>
    <subfield code="r">2026-06-13 11:11:08</subfield>
    <subfield code="t">v.2 C.1</subfield>
    <subfield code="w">2026-06-13</subfield>
    <subfield code="y">BK</subfield>
  </datafield>
  <datafield tag="952" ind1=" " ind2=" ">
    <subfield code="0">0</subfield>
    <subfield code="1">0</subfield>
    <subfield code="2">ddc</subfield>
    <subfield code="4">0</subfield>
    <subfield code="7">1</subfield>
    <subfield code="a">CUCL</subfield>
    <subfield code="b">cl222</subfield>
    <subfield code="d">2026-06-13</subfield>
    <subfield code="i">170293</subfield>
    <subfield code="l">0</subfield>
    <subfield code="o">861.008 M9539m v.1 c.2</subfield>
    <subfield code="p">01000100170293001</subfield>
    <subfield code="r">2026-06-13 11:11:44</subfield>
    <subfield code="t">v.1 C.2</subfield>
    <subfield code="w">2026-06-13</subfield>
    <subfield code="y">BK</subfield>
  </datafield>
  <datafield tag="952" ind1=" " ind2=" ">
    <subfield code="0">0</subfield>
    <subfield code="1">0</subfield>
    <subfield code="2">ddc</subfield>
    <subfield code="4">0</subfield>
    <subfield code="7">1</subfield>
    <subfield code="a">CUCL</subfield>
    <subfield code="b">cl222</subfield>
    <subfield code="d">2026-06-13</subfield>
    <subfield code="i">170293</subfield>
    <subfield code="l">0</subfield>
    <subfield code="o">861.008 M9539m v.2 c.2</subfield>
    <subfield code="p">01000100170293002</subfield>
    <subfield code="r">2026-06-13 11:12:22</subfield>
    <subfield code="t">v.2 C.2</subfield>
    <subfield code="w">2026-06-13</subfield>
    <subfield code="y">BK</subfield>
  </datafield>
  <datafield tag="952" ind1=" " ind2=" ">
    <subfield code="0">0</subfield>
    <subfield code="1">0</subfield>
    <subfield code="2">ddc</subfield>
    <subfield code="4">0</subfield>
    <subfield code="7">0</subfield>
    <subfield code="a">CUCL</subfield>
    <subfield code="b">cl2u6</subfield>
    <subfield code="d">2026-06-13</subfield>
    <subfield code="i">170294</subfield>
    <subfield code="l">0</subfield>
    <subfield code="o">861.008 M9539m v.1 c.3 Store</subfield>
    <subfield code="p">01000100170294001</subfield>
    <subfield code="r">2026-06-13 11:13:01</subfield>
    <subfield code="t">v.1 C.3</subfield>
    <subfield code="w">2026-06-13</subfield>
    <subfield code="y">BK</subfield>
  </datafield>
  <datafield tag="952" ind1=" " ind2=" ">
    <subfield code="0">0</subfield>
    <subfield code="1">0</subfield>
    <subfield code="2">ddc</subfield>
    <subfield code="4">0</subfield>
    <subfield code="7">0</subfield>
    <subfield code="a">CUCL</subfield>
    <subfield code="b">cl2u6</subfield>
    <subfield code="d">2026-06-13</subfield>
    <subfield code="i">170294</subfield>
    <subfield code="l">0</subfield>
    <subfield code="o">861.008 M9539m v.2 c.3 Store</subfield>
    <subfield code="p">01000100170294002</subfield>
    <subfield code="r">2026-06-13 11:13:31</subfield>
    <subfield code="t">v.2 C.3</subfield>
    <subfield code="w">2026-06-13</subfield>
    <subfield code="y">BK</subfield>
  </datafield>
</record>
